000 00329 a2200133 4500
005 20250610084242.0
020 _a9966-28-407-9
082 _a657 SAL
100 _aSALEEMI,N.
245 _aCost Accounting Simplified : Revised and Updated
260 _aNairobi
_bSaleemi
_c2015
300 _a445p.table
_c20.5 cm
942 _2ddc
_cBKS
999 _c3319
_d3319